| 000 | 00683nam a2200229Ia 4500 | ||
|---|---|---|---|
| 005 | 20260122095417.0 | ||
| 008 | 260121s9999||||xx |||||||||||||| ||und|| | ||
| 020 | _a9798886131208 | ||
| 082 |
_a530.78 _bSRI |
||
| 100 | _aSrinivasan, R | ||
| 245 | 0 |
_aExperimental techniques in physics and materials sciences : _bprinciples and methodologies / |
|
| 250 | _a1st ed. | ||
| 260 |
_aSingapore : _bWorld Scientific, _c2025. |
||
| 300 | _ax, 521p.; pbk | ||
| 650 | _aMaterials science — Experimental methods | ||
| 650 | _aPhysics — Experiments | ||
| 650 | _aScientific instrumentation | ||
| 700 | _aRamesh, T G | ||
| 700 | _aSundar, C S | ||
| 700 | _aUmesh, G | ||
| 942 | _cTB | ||
| 999 |
_c47443 _d47443 |
||